000 00490nam a2200157 i 4500
001 33490
003 ES-MaACL
005 20230906154752.0
007 t|
008 030202s1947 ag ||||1| spa d
245 0 0 _aBioquímica analítica cuantitativa /
_cpor Agustín D. Marenzi... [et al.].
260 _aBuenos Aires :
_bEl Ateneo,
_c1947 (
_fTomás Palumbo)
300 _aVIII, 1198 p. :
_bil. ;
_c27 cm.
700 1 _aMarenzi, Agustín D.
_976589
852 _aES-MaACL
_jE-1408
_bR.37055
999 _c33490
_d33490